Zmenka ako úverový dokument a platobný inštrument
História vývinu zmenky ako nástroja platenia. Vymedzenie pojmu zmenka. Podstatné náležitosti zmeniek podľa zákona č. 191/1959 Zb. Rozdiel medzi vlastnou a cudzou zmenkou. Prevod zmeniek. Zmenkové právne úkony. Členenie zmeniek.
Gespeichert in:
| 1. Verfasser: | |
|---|---|
| Format: | Buchkapitel |
| Sprache: | Slowakisch |
| Schlagworte: | |
| Tags: |
Keine Tags, Fügen Sie das erste Tag hinzu!
|
MARC
| LEADER | 00000naa a2200000 4500 | ||
|---|---|---|---|
| 001 | r033023 | ||
| 005 | 20230911132010.6 | ||
| 041 | 0 | |a slo | |
| 044 | |a SK | ||
| 245 | 1 | 0 | |a Zmenka ako úverový dokument a platobný inštrument |c Daniel Jánoš |
| 520 | |a História vývinu zmenky ako nástroja platenia. Vymedzenie pojmu zmenka. Podstatné náležitosti zmeniek podľa zákona č. 191/1959 Zb. Rozdiel medzi vlastnou a cudzou zmenkou. Prevod zmeniek. Zmenkové právne úkony. Členenie zmeniek. | ||
| 610 | 2 | 0 | |a zmenky |
| 610 | 2 | 0 | |a úver |
| 610 | 2 | 0 | |a papiere cenné |
| 610 | 2 | 0 | |a legislatíva |
| 610 | 2 | 0 | |a Slovensko |
| 610 | 2 | 0 | |a 1959 |
| 100 | 1 | |a Jánoš, Daniel | |